Statistics for Bodies of Water by Picture Clue

Click here to take the quiz!

General Stats

  • This quiz has been taken 30 times
  • The average score is 13 of 15

Answer Stats

Answer% Correct
{Black} Sea
100%
Lake {Victoria}
100%
{Red} Sea
100%
{Yellow} River
100%
{Coral} Sea
97%
{North} Sea
97%
River {Severn}
93%
{Labrador} Sea
90%
Strait of {Gibraltar}
90%
{Amazon} River
76%
{Bering} Strait / Sea
72%
{Murray} River
72%
{Po} River
62%
River {Dee}
62%
{Mississippi} River
59%

Score Distribution

Percentile by Number Answered

Percent of People with Each Score

Your Score History

You have not taken this quiz